000 00393nam a2200169Ia 4500
003 0STCL
008 150530s9999 xx 000 0 und d
040 _aSTCL
_cSTCL
100 _aBates, W.H.
245 _aBetter Eyesight Without Glasses
260 _bThorsons; London
_c2000
_aLondon
300 _a0
546 _aEnglish
942 _2ddc
_cBK
999 _c37498
_d37498
005 20220125170422.0